[Event "Let's Play Chess!"]
[Site "http://www.queenalice.com/game.php?id=1296472"]
[Date "2014.7.23"]
[Round "-"]
[White "mausid"]
[Black "pedrolobo"]
[Result "1-0"]
[WhiteElo "2121"]
[BlackElo "2064"]

1. e4 e6 2. d4 d5 3. Nd2 c5 4. exd5 Qxd5 5. Ngf3 cxd4 6. Bc4 Qd6 7. O-O Nf6 8.
Nb3 Nc6 9. Nbxd4 Nxd4 10. Nxd4 Bd7 11. c3 a6 12. Qe2 Be7 13. Bg5 O-O 14. Rad1
Qc5 15. Bf4 b5 16. Bb3 Rad8 17. Nf3 Bc6 18. Ne5 Ba8 19. Bg3 Bd6 20. Bc2 Bxe5 21.
Bxe5 Qc6 22. f3 Nd7 23. Bg3 Nf6 24. Kh1 Rd7 25. Rxd7 Nxd7 26. Rd1 Nf6 27. Rd6
Qc8 28. Qd3 Nd5 29. Qxh7# 1-0

[Event "Let's Play Chess!"]
[Site "http://www.queenalice.com/game.php?id=1296473"]
[Date "2014.7.29"]
[Round "-"]
[White "mausid"]
[Black "pedrolobo"]
[Result "1-0"]
[WhiteElo "2224"]
[BlackElo "1954"]

1. e4 Nf6 2. e5 Nd5 3. d4 d6 4. c4 Nb6 5. exd6 exd6 6. Nc3 Nc6 7. Be3 Bf5 8. Nf3
Nb4 9. Rc1 Be7 10. a3 Nc6 11. Be2 Bf6 12. h3 O-O 13. O-O Re8 14. b3 Qe7 15. d5
Ne5 16. Nd4 Bg6 17. Qd2 Nbd7 18. Nf3 Nxf3+ 19. Bxf3 Ne5 20. Be2 Rad8 21. Nb5 a6
22. Nd4 c5 23. dxc6 bxc6 24. Nf3 Be4 25. Nxe5 Bxe5 26. Bd3 Bxd3 27. Qxd3 c5 28.
b4 Bb2 29. Rc2 Qf6 30. Rd1 Be5 31. b5 axb5 32. cxb5 Rb8 33. a4 1-0

[Event "Let's Play Chess!"]
[Site "http://www.queenalice.com/game.php?id=1296474"]
[Date "2014.7.29"]
[Round "-"]
[White "mausid"]
[Black "pedrolobo"]
[Result "1-0"]
[WhiteElo "2205"]
[BlackElo "1977"]

1. e4 Nf6 2. e5 Nd5 3. d4 d6 4. c4 Nb6 5. exd6 exd6 6. Nc3 Nc6 7. Be3 Bf5 8. Nf3
Nb4 9. Rc1 Be7 10. h3 O-O 11. a3 Nc6 12. Be2 Re8 13. O-O Bf6 14. d5 Ne5 15. b3
Nbd7 16. Nd4 Nf8 17. Nxf5 Nfd7 18. f4 Ng6 19. Bd4 Bxd4+ 20. Qxd4 Nf6 21. Bd3 Qd7
22. Rce1 Rxe1 23. Rxe1 Nh5 24. g3 Re8 25. Rxe8+ Qxe8 26. Qe4 Qxe4 27. Nxe4 Nf8
28. Be2 Nf6 29. Ne7+ Kh8 30. Ng5 h6 31. Nxf7+ 1-0

[Event "AUTO-MASTER-2023"]
[Site "http://www.queenalice.com/game.php?id=1309374"]
[Date "2014.9.20"]
[Round "2"]
[White "seega"]
[Black "pedrolobo"]
[Result "1-0"]
[WhiteElo "2244"]
[BlackElo "2017"]

1. Nf3 Nf6 2. c4 g6 3. Nc3 Bg7 4. e4 d6 5. d4 O-O 6. Be2 Nbd7 7. h3 e5 8. Be3
Re8 9. d5 c6 10. dxc6 bxc6 11. Qxd6 Bb7 12. Qd2 c5 13. Qc2 Rb8 14. O-O a6 15.
Rfd1 Qc7 16. Rd2 Nb6 17. Rad1 Nbd7 18. b3 Rbd8 19. Nh2 Bf8 20. Ng4 Nxg4 21. Bxg4
Nf6 22. Bf3 Rxd2 23. Qxd2 Be7 24. Nd5 Nxd5 25. cxd5 Bd6 26. Rc1 Qe7 27. Be2 f5
28. f3 f4 29. Bf2 Qg5 30. Qa5 Bc8 31. Kh2 Qe7 32. Bxc5 Bxc5 33. Qxc5 Qxc5 34.
Rxc5 Kf8 35. b4 Rd8 36. Rc6 Bb7 37. Bxa6 Rd7 38. b5 Bxc6 39. dxc6 Rc7 40. Bb7
Ke7 41. b6 1-0

[Event "AUTO-MASTER-2023"]
[Site "http://www.queenalice.com/game.php?id=1309375"]
[Date "2014.9.20"]
[Round "2"]
[White "pedrolobo"]
[Black "seega"]
[Result "0-1"]
[WhiteElo "2075"]
[BlackElo "2223"]

1. d4 Nf6 2. c4 e6 3. Nf3 b6 4. g3 Bb7 5. Bg2 Be7 6. Nc3 Ne4 7. O-O O-O 8. Nxe4
Bxe4 9. Bf4 d6 10. Nd2 Bxg2 11. Kxg2 f5 12. e4 g5 13. Be3 f4 14. gxf4 gxf4 15.
Qg4+ Kh8 16. Qxe6 Nc6 17. d5 Rf6 18. Qh3 fxe3 19. fxe3 Ne5 20. Rxf6 Bxf6 21. Kh1
Qd7 22. Qh6 Bg7 23. Qh5 Rf8 24. Rg1 Qf7 25. Qh3 Qf2 0-1

[Event "AUTO-MASTER-2023"]
[Site "http://www.queenalice.com/game.php?id=1309378"]
[Date "2014.9.20"]
[Round "2"]
[White "Alexandrovinsk"]
[Black "pedrolobo"]
[Result "1-0"]
[WhiteElo "2158"]
[BlackElo "2092"]

1. e4 e6 2. d4 d5 3. f3 dxe4 4. fxe4 Qh4+ 5. Kd2 Qxe4 6. Nf3 Nc6 7. Nc3 Bb4 8.
Bd3 Qg4 9. Qg1 Nf6 10. a3 Bxc3+ 11. Kxc3 O-O 12. b4 Bd7 13. Kb3 a5 14. c3 axb4
15. cxb4 Ne7 16. Ne5 Ba4+ 17. Ka2 Ned5 18. Bb2 b6 19. Nxg4 Nxg4 20. Qe1 Nge3 21.
Bc1 c5 22. dxc5 bxc5 23. Bxe3 cxb4 24. Bc5 b3+ 25. Kb2 Rfc8 26. Rc1 1-0

[Event "AUTO-MASTER-2023"]
[Site "http://www.queenalice.com/game.php?id=1309379"]
[Date "2014.9.20"]
[Round "2"]
[White "pedrolobo"]
[Black "Alexandrovinsk"]
[Result "1/2-1/2"]
[WhiteElo "2071"]
[BlackElo "2163"]

1. d4 Nf6 2. c4 d6 3. Nc3 g6 4. Bg5 Bg7 5. Nf3 O-O 6. e3 Bg4 7. Be2 Nbd7 8. O-O
c6 9. h3 Bxf3 10. Bxf3 a6 11. Qb3 b5 12. cxb5 axb5 13. Rac1 Qb6 14. Rfd1 Rfe8
15. Ne2 Rec8 16. Rc2 Ra7 17. Rdc1 c5 18. a3 c4 19. Qc3 d5 20. Nf4 e6 21. Bxf6
Nxf6 22. h4 h5 23. Nh3 Rb8 24. Ng5 b4 25. axb4 Qxb4 26. Qxb4 Rxb4 27. Bd1 Ra2
28. Rb1 Nd7 29. Nf3 Nb6 30. b3 Rxc2 31. Bxc2 cxb3 32. Rxb3 Rxb3 33. Bxb3 f6 34.
Kf1 Kf7 35. Ke2 Ke7 36. Kd3 Kd6 37. Kc3 Kc6 38. Nd2 Kb5 39. Nb1 Bf8 40. Bc2 Bb4+
41. Kd3 Na4 42. Ke2 f5 43. Bxa4+ Kxa4 44. Nd2 Bxd2 45. Kxd2 Kb3 46. Kd3 Kb2 47.
Kd2 Kb3 48. f4 Kb2 49. g3 Kb3 50. Kd3 1/2-1/2

[Event "AUTO-MASTER-2023"]
[Site "http://www.queenalice.com/game.php?id=1309382"]
[Date "2014.9.20"]
[Round "2"]
[White "pedrolobo"]
[Black "phystutordotcom"]
[Result "1-0"]
[WhiteElo "2071"]
[BlackElo "2187"]

1. d4 d6 2. e4 Nf6 3. f3 Nbd7 4. Be3 e5 5. d5 Be7 6. Nc3 c6 7. dxc6 bxc6 8. Bc4
Nb6 9. Bb3 d5 10. exd5 Nbxd5 11. Nxd5 Nxd5 12. Bd2 O-O 13. Ne2 Qb6 14. Nc3 Nxc3
15. Bxc3 Ba6 16. Qd2 1-0

[Event "AUTO-MASTER-2023"]
[Site "http://www.queenalice.com/game.php?id=1309383"]
[Date "2014.9.20"]
[Round "2"]
[White "phystutordotcom"]
[Black "pedrolobo"]
[Result "0-1"]
[WhiteElo "2204"]
[BlackElo "2049"]

1. Nf3 Nf6 2. g3 g6 3. Bg2 Bg7 4. d4 O-O 5. c4 d6 6. Nc3 Nbd7 7. e4 e5 8. O-O
Re8 9. d5 Nc5 10. Qc2 Bg4 11. b4 Ncd7 12. Be3 a6 13. Nd2 c6 14. f3 Bh5 15. Qd3
h6 16. dxc6 bxc6 17. Qxd6 Rc8 0-1

[Event "Challenge"]
[Site "http://www.queenalice.com/game.php?id=1331641"]
[Date "2014.12.30"]
[Round "-"]
[White "pedrolobo"]
[Black "WilsonFerreira"]
[Result "1-0"]
[WhiteElo "2050"]
[BlackElo "2169"]

1. d4 Nf6 2. c4 c5 3. Nf3 cxd4 4. Nxd4 e5 5. Nb5 d5 6. cxd5 Bb4+ 7. Bd2 Qa5 8.
N1c3 Bxc3 9. Nd6+ Ke7 10. Bxc3 Qb6 11. Nc4 Qc5 12. d6+ Kf8 13. Nxe5 Ne4 14. e3
Nxc3 15. Qh5 Qd5 16. bxc3 Be6 17. Bc4 g6 18. Qh6+ 1-0

[Event "AUTO-OPEN-3415"]
[Site "http://www.queenalice.com/game.php?id=1333760"]
[Date "2015.1.8"]
[Round "1"]
[White "vivafischer"]
[Black "pedrolobo"]
[Result "1-0"]
[WhiteElo "2311"]
[BlackElo "2021"]

1. Nf3 Nf6 2. c4 g6 3. Nc3 Bg7 4. e4 d6 5. d4 O-O 6. Be2 Nbd7 7. O-O e5 8. d5
Nc5 9. Qc2 Bg4 10. b4 Ncd7 11. Be3 Rc8 12. a4 c6 13. dxc6 bxc6 14. Bxa7 c5 15.
Nb5 Nb8 16. bxc5 dxc5 17. a5 Qe7 18. Bxb8 Rxb8 19. a6 Nd7 20. a7 Rbc8 21. Ra6
Qd8 22. Rd1 Qe7 23. Rda1 f5 24. a8=Q Rxa8 25. Rxa8 fxe4 26. Rxf8+ Qxf8 27. Qxe4
Nb6 28. Ra6 Qd8 29. Qxg4 1-0

[Event "AUTO-OPEN-3415"]
[Site "http://www.queenalice.com/game.php?id=1333761"]
[Date "2015.1.8"]
[Round "1"]
[White "pedrolobo"]
[Black "vivafischer"]
[Result "0-1"]
[WhiteElo "2065"]
[BlackElo "2267"]

1. d4 Nf6 2. c4 e6 3. Nf3 c5 4. d5 b5 5. dxe6 fxe6 6. e3 bxc4 7. Bxc4 d5 8. Qa4+
Bd7 9. Bb5 Bd6 10. Nc3 O-O 11. O-O a6 12. Bxd7 Nbxd7 13. Qc2 e5 14. Ne2 e4 15.
Ng5 Bxh2+ 16. Kh1 Ng4 17. Ne6 Qh4 18. Nxf8 Bg3+ 0-1

[Event "AUTO-OPEN-3415"]
[Site "http://www.queenalice.com/game.php?id=1333788"]
[Date "2015.1.8"]
[Round "1"]
[White "twiddledeedum"]
[Black "pedrolobo"]
[Result "1-0"]
[WhiteElo "1809"]
[BlackElo "2057"]

1. e4 e6 2. d4 d5 3. e5 c5 4. Nf3 Qb6 5. dxc5 Bxc5 6. Qd2 Ne7 7. Nc3 O-O 8. Na4
Bxf2+ 9. Qxf2 Qxf2+ 10. Kxf2 Nbc6 11. Bg5 Ng6 12. Bd3 Ngxe5 13. Rhe1 Nxd3+ 14.
cxd3 f6 15. Be3 e5 16. Rad1 Bg4 17. h3 Bh5 18. g4 Bg6 19. Nh4 Bf7 20. a3 d4 21.
Bd2 Bb3 22. Nc5 Bxd1 23. Rxd1 b6 24. Ne6 Rf7 25. Nf5 g6 26. Nh6+ 1-0

[Event "AUTO-OPEN-3415"]
[Site "http://www.queenalice.com/game.php?id=1333789"]
[Date "2015.1.8"]
[Round "1"]
[White "pedrolobo"]
[Black "twiddledeedum"]
[Result "1-0"]
[WhiteElo "1946"]
[BlackElo "1724"]

1. d4 d5 2. c4 e6 3. Nc3 Bb4 4. e3 Bxc3+ 5. bxc3 dxc4 6. Bxc4 Nf6 7. Nf3 O-O 8.
O-O b6 9. Bd3 Bb7 10. Ba3 Re8 11. Re1 Be4 12. Bxe4 Nxe4 13. Qc2 Ng5 14. Nxg5
Qxg5 15. c4 Nd7 16. Rac1 c5 17. dxc5 bxc5 18. Bb2 e5 19. Qe4 Qe7 20. Qg4 Nf6 21.
Qg3 Rab8 22. Ba1 Qe6 23. Red1 Nh5 24. Qf3 g6 25. Rd5 Qf5 26. Qxf5 gxf5 27. Bxe5
Rbc8 28. Rcd1 f6 29. Ba1 Kg7 30. Rxf5 Kg6 31. g4 Rc6 32. Rxh5 a5 33. Rd7 Rh8 34.
Ra7 a4 35. Rxa4 Rd8 36. Kg2 h6 37. Ra5 Rd1 38. Ra7 Rxa1 39. e4 Re6 40. f4 Rxa2+
41. Rxa2 Rxe4 42. Rxc5 Rxf4 43. Kg3 Rd4 44. Ra7 Rd3+ 45. Kh4 Rd4 46. Rcc7 h5 47.
Rg7+ Kh6 48. Rh7+ Kg6 49. Rag7# 1-0

[Event "AUTO-OPEN-3415"]
[Site "http://www.queenalice.com/game.php?id=1333808"]
[Date "2015.1.8"]
[Round "1"]
[White "pedrolobo"]
[Black "Mariahi"]
[Result "0-1"]
[WhiteElo "2031"]
[BlackElo "2193"]

1. d4 d6 2. e4 Nf6 3. f3 g6 4. Nc3 Bg7 5. Be3 O-O 6. Bc4 c6 7. Nge2 Nbd7 8. Qd2
a5 9. a4 Qc7 10. O-O Rb8 11. Rad1 c5 12. dxc5 Nxc5 13. Nf4 Kh8 14. Ncd5 Nxd5 15.
Nxd5 Qd8 16. c3 Nxa4 17. Bh6 b5 18. Bxg7+ Kxg7 19. Ba2 Be6 20. b3 Nc5 21. c4
Bxd5 22. Qxd5 bxc4 23. Qxc4 Qb6 24. Rd2 Nxb3+ 0-1

[Event "AUTO-OPEN-3415"]
[Site "http://www.queenalice.com/game.php?id=1333809"]
[Date "2015.1.8"]
[Round "1"]
[White "Mariahi"]
[Black "pedrolobo"]
[Result "1-0"]
[WhiteElo "2174"]
[BlackElo "1961"]

1. f4 d5 2. Nf3 Nf6 3. e3 g6 4. b3 Bg7 5. Bb2 O-O 6. Be2 Nc6 7. Bb5 Bd7 8. O-O
a6 9. Bxc6 Bxc6 10. Ne5 Bb5 11. d3 c5 12. Nd2 Nh5 13. a4 Be8 14. Rb1 b5 15. axb5
axb5 16. Ra1 f6 17. Nef3 Bh8 18. Qe2 Bc6 19. g3 Qd7 20. e4 dxe4 21. Nxe4 f5 22.
Bxh8 Kxh8 23. Nxc5 Qd5 24. Qe5+ Ng7 25. Qxd5 Bxd5 26. Ne5 Rfc8 27. b4 Ne6 28. c4
Nxc5 29. bxc5 bxc4 30. dxc4 Be4 31. Rxa8 Rxa8 32. c6 Rc8 33. Rd1 Bxc6 34. Nxc6
Rxc6 35. Rd4 Kg7 36. Kf2 Kf6 37. Ke3 e5 38. fxe5+ Ke6 39. Kf4 1-0

[Event "AUTO-OPEN-3290"]
[Site "http://www.queenalice.com/game.php?id=1344973"]
[Date "2015.3.1"]
[Round "2"]
[White "jacconsultoria"]
[Black "pedrolobo"]
[Result "1-0"]
[WhiteElo "2199"]
[BlackElo "1958"]

1. c4 e6 2. Nc3 d5 3. cxd5 exd5 4. d4 Nc6 5. Bf4 Bd6 6. Bxd6 Qxd6 7. Nf3 Nf6 8.
e3 a6 9. Rc1 Bg4 10. Be2 O-O 11. O-O Rfe8 12. h3 Bd7 13. Bd3 Nb4 14. Bb1 Nc6 15.
a3 Re7 16. Qc2 1-0

[Event "AUTO-OPEN-3290"]
[Site "http://www.queenalice.com/game.php?id=1344974"]
[Date "2015.3.1"]
[Round "2"]
[White "pedrolobo"]
[Black "jacconsultoria"]
[Result "0-1"]
[WhiteElo "1952"]
[BlackElo "2204"]

1. d4 f5 2. c4 Nf6 3. Nc3 e6 4. Nf3 Be7 5. Bf4 O-O 6. g3 b6 7. Bg2 Bb7 8. Nb5
Na6 9. O-O Nh5 10. Bd2 g5 11. Qc1 g4 12. Ne5 Bxg2 13. Kxg2 c6 14. Nc3 Qe8 15.
Bh6 Ng7 0-1